| 000 | 01269cad a22002655a 4500 | ||
|---|---|---|---|
| 001 | L151633 | ||
| 008 | 101123s2010 xxk f 000 0 eng d | ||
| 035 | _a(Sirsi) u151633 | ||
| 041 | 0 | _aeng | |
| 110 | 2 |
_aBritish Property Federation _91604 |
|
| 245 | 0 | 4 |
_aThe carbon reduction commitment energy efficiency scheme _ba guide for landlords and tenants _h[electronic resource] |
| 260 |
_aLondon _bBPF _c2010 |
||
| 520 | _aRevised guide for landlords and tenants on the implications of the Carbon Reduction Commitment Energy Efficiency Scheme (CRC). This guide is intended to assist owners and occupiers of commercial property in order to be ready to implement the CRC. | ||
| 590 | _aKA | ||
| 651 | 4 |
_aUnited Kingdom _y |
|
| 690 | _aENVIRONMENTAL AND LAND CONSULTANCY-ENERGY-ENERGY USE-ENERGY EFFICIENCY | ||
| 710 | 1 |
_aBritish Retail Consortium _91582 |
|
| 710 | 1 |
_aBritish Council of Shopping Centres _91982 |
|
| 710 | 1 |
_aBritish Council for Offices _93992 |
|
| 710 | 1 |
_aInvestment Property Forum _92112 |
|
| 710 | 1 |
_aRoyal Institution of Chartered Surveyors _94900 |
|
| 710 | 1 |
_aUK Green Building Council _95440 |
|
| 856 | 4 | 0 |
_uhttps://www.rics.org/site/download_feed.aspx?fileID=3060&fileExtension=PDF _zView the item free of charge at www.rics.org |
| 942 | _n0 | ||
| 999 |
_c111501 _d111501 |
||